000
00287nam a2200109Ia 4500
008
230907s9999||||xx |||||||||||||| ||und||
082
_a
333.7932,BIG
100
_a
Biggar, Darryl R.
_9
115094
245
4
_a
The economics of electricity markets /
300
_a
xx, 409 pages ;
942
_c
BK
999
_c
598077
_d
598077